00804nam a22002055i 4500001000700000003000900007005001700016008004100033080003600074245003500110260003800145300002100183490005000204500003800254600006200292830005800354852004000412999001900452952012700471178353ES-MaACL20260301183510.0110525s1970 sp |||| | spa d a929 Alfonso XI, Rey de Castilla00aAlfonso, XI b: el justiciero. aMadrid : bDelblan, cD. L. 1970. a16 p. ; c16 cm.1 aMosaico cultural. Los grandes capitanes ; v9 aEncuadernado con otros títulos.07aAlfonso bXI, cRey de Castilla-vBiografías291467260 aMosaico cultural. Los grandes capitanes ; v99190913 aES-MaACLjE-15197 (9) xOlim P-1923 c178353d178353 00104070aATENEOMbATENEOMcDEPO2d2011-05-25eDONl0oE-15197 (9)p1187349r2023-02-23 00:00:00w2023-02-23yMONOGRAFIA